Statistics for Missing Beatles Lyric

Click here to take the quiz!

General Stats

  • This quiz has been taken 39 times
  • The average score is 15 of 16

Answer Stats

HintAnswer% Correct
I'll Be ____, Get ____back
97%
You ____ do that, ____ buy me lovecan't
97%
___ Bulldog, ___ Judehey
97%
____ It's you, Cry ____ Crybaby
94%
____ Prudence, Martha my ____dear
94%
And I love ___, Devil In ___ Hearther
94%
In My ____, Run For Your ____life
94%
______ ______ me, ______ Mister Postmanplease
94%
____ Jay way, For you ____blue
91%
I'm ____, Don't let me ____down
91%
I Call your ____, You know my ____name
91%
It's ____ Love, I'm ____ Sleepingonly
91%
____ Me why, I Want to ____ youtell
91%
Not a second ____, Any ____ at alltime
88%
The _____ Before, Good _____night
85%
For no ___, ___ After 909one
85%

Score Distribution

Percentile by Number Answered

Percent of People with Each Score

Your Score History

You have not taken this quiz